Lecciones de retórica y poética : (Record no. 48473)

MARC details
000 -LEADER
campo de control de longitud fija 00686nam a22002055i 4500
001 - NÚMERO DE CONTROL
campo de control 48473
003 - IDENTIFICADOR DE NÚMERO DE CONTROL
campo de control ES-MaACL
005 - FECHA Y HORA DE LA ÚLTIMA TRANSACCIÓN
campo de control 20230906161746.0
007 - CAMPO FIJO DE DESCRIPCIÓN FÍSICA--INFORMACIÓN GENERAL
campo de control de longitud fija t|
008 - DATOS DE LONGITUD FIJA--INFORMACIÓN GENERAL
campo de control de longitud fija 950720s1867 sp ||||1| spa d
100 1# - ENTRADA PRINCIPAL--NOMBRE DE PERSONA
Nombre de persona Delago y David, Joaquín.
9 (RLIN) 43296
245 10 - MENCIÓN DEL TÍTULO
Título Lecciones de retórica y poética :
Resto del título dispuestas para los estudios de 2ª enseñanza /
Mención de responsabilidad, etc. por Joaquín Delago y David.
250 ## - MENCION DE EDICION
Mención de edición 2ª ed.
260 ## - PUBLICACIÓN, DISTRIBUCIÓN, ETC.
Lugar de publicación, distribución, etc. Jaén :
Nombre del editor, distribuidor, etc. [s.n],
Fecha de publicación, distribución, etc. 1867 (
Fabricante Imp. de los sres. Rubio y Compañía)
300 ## - DESCRIPCIÓN FÍSICA
Extensión VIII, 218 p. ;
Dimensiones 20 cm.
650 #4 - PUNTO DE ACCESO ADICIONAL DE MATERIA--TÉRMINO DE MATERIA
Término de materia o nombre geográfico como elemento de entrada Preceptiva literaria.
9 (RLIN) 150091
650 #4 - PUNTO DE ACCESO ADICIONAL DE MATERIA--TÉRMINO DE MATERIA
Término de materia o nombre geográfico como elemento de entrada Lengua española-
Subdivisión general Retórica.
9 (RLIN) 170469
650 00 - PUNTO DE ACCESO ADICIONAL DE MATERIA--TÉRMINO DE MATERIA
Término de materia o nombre geográfico como elemento de entrada Poética.
9 (RLIN) 16254
852 ## - LOCALIZACIÓN
Ubicación ES-MaACL
Número de control de estantería G-12292
Holdings
Estatus retirado Estado de pérdida Estado de daño No para préstamo Colección Biblioteca de origen Biblioteca actual Ubicación en estantería Fecha de adquisición Fuente de adquisición Total de préstamos Signatura topográfica completa Código de barras Visto por última vez Precio de reemplazo Tipo de ítem Koha
        Libros del s. XIX Biblioteca del Ateneo de Madrid Biblioteca del Ateneo de Madrid Sala Pecera Planta 3 17/01/2008     G-12292 1051011 23/02/2023 23/02/2023 Libro impreso antiguo